[Event "I Festival A"]
[Site "Cortina d'Ampezzo ITA"]
[Date "2003.07.11"]
[Round "6"]
[White "Navarro, Stefano"]
[Black "Bonafede, Alessandro"]
[Result "1-0"]
[WhiteElo "2125"]
[BlackElo "2098"]
[PlyCount "83"]
[EventDate "2003.07.07"]

1. e4 c5 2. Nf3 Nc6 3. d4 cxd4 4. Nxd4 Nf6 5. Nc3 e5 6. Ndb5 d6 7. a4 a6 8. Na3
Bg4 9. f3 Be6 10. Bc4 Rc8 11. Be3 Nb4 12. Qe2 Qc7 13. Bxe6 fxe6 14. O-O Be7 15.
f4 exf4 16. Bxf4 O-O 17. Kh1 g6 18. Rad1 Nh5 19. Bh6 Rxf1+ 20. Rxf1 Bf8 21. Bg5
Be7 22. Bh6 Bf8 23. Bg5 Be7 24. Bxe7 Qxe7 25. Nd1 Nc6 26. Qf2 Ne5 27. Ne3 Nd7
28. Nac4 Nc5 29. e5 Ne4 30. Qe1 d5 31. Nd2 Nc5 32. b3 Nd7 33. Nf3 Rf8 34. c4
Nf4 35. cxd5 Nxd5 36. Qd2 Nxe5 37. Nxd5 exd5 38. Qxd5+ Kh8 39. Re1 Rf5 40. Rxe5
Qc7 41. Rxf5 Qc1+ 42. Ng1 1-0

[Event "I Festival A"]
[Site "Cortina d'Ampezzo ITA"]
[Date "2003.07.11"]
[Round "6"]
[White "Popa, Claudiu"]
[Black "Facchetti, Gianni"]
[Result "1/2-1/2"]
[WhiteElo "2148"]
[BlackElo "2143"]
[PlyCount "147"]
[EventDate "2003.07.07"]

1. e4 e5 2. Nf3 Nc6 3. d4 exd4 4. Nxd4 Bb4+ 5. c3 Be7 6. Bc4 Nf6 7. Nxc6 dxc6
8. Qxd8+ Bxd8 9. f3 Be7 10. Bf4 Bd6 11. Bg3 Nh5 12. Bxd6 cxd6 13. Kf2 Be6 14.
Na3 Ke7 15. Rhd1 Rhd8 16. Rd2 Rd7 17. Rad1 Rad8 18. Bb3 Nf6 19. Ke3 Ne8 20. Nc2
Bxb3 21. axb3 Nc7 22. Nd4 g6 23. b4 a6 24. Nb3 Na8 25. Na5 Nb6 26. c4 Nc8 27.
f4 Ke6 28. c5 d5 29. exd5+ cxd5 30. c6 bxc6 31. Nxc6 Re8 32. Kf3 Ne7 33. Re1+
Kf6 34. Nxe7 Rexe7 35. Rxe7 Kxe7 36. Rc2 Rb7 37. Rc6 Rxb4 38. Rxa6 Rb3+ 39. Kg4
Rxb2 40. Ra7+ Kf6 41. Ra6+ Kg7 42. Kf3 Rd2 43. Rd6 Kf8 44. Rd7 Ke8 45. Ra7 h5
46. h3 d4 47. Rb7 d3 48. Rb3 Rd1 49. Ke3 d2 50. Rb2 Re1+ 51. Kxd2 Re4 52. f5 g5
53. f6 Rf4 54. Ke3 Rxf6 55. Rb5 Rg6 56. h4 gxh4 57. Rxh5 Rxg2 58. Rxh4 Ra2 59.
Rb4 Ke7 60. Rb6 Kf8 61. Kf4 Kg7 62. Kf5 Ra5+ 63. Kf4 f6 64. Rc6 Kg6 65. Rb6
Ra4+ 66. Kf3 Kg5 67. Rb5+ f5 68. Rb3 Rh4 69. Kg3 f4+ 70. Kg2 Kg4 71. Ra3 Rh5
72. Rb3 Ra5 73. Kf2 Ra4 74. Kg2 1/2-1/2

[Event "I Festival A"]
[Site "Cortina d'Ampezzo ITA"]
[Date "2003.07.11"]
[Round "6"]
[White "Raineri, Valerio"]
[Black "Lain, Luigi"]
[Result "1/2-1/2"]
[WhiteElo "2164"]
[BlackElo "2261"]
[PlyCount "91"]
[EventDate "2003.07.07"]

1. e4 e5 2. Nf3 Nc6 3. Bb5 a6 4. Ba4 Nf6 5. Qe2 b5 6. Bb3 Be7 7. c3 d6 8. d3
Na5 9. Bc2 c5 10. Nbd2 O-O 11. Nf1 Ne8 12. Ng3 Bg4 13. h3 Bxf3 14. Qxf3 Bg5 15.
O-O Bxc1 16. Raxc1 Nc6 17. Qe3 Rc8 18. f4 exf4 19. Qxf4 b4 20. Bb3 Ne5 21. Rcd1
bxc3 22. bxc3 c4 23. dxc4 g6 24. Qe3 Nxc4 25. Bxc4 Rxc4 26. Rd4 Qc7 27. Rf3 Ng7
28. Qd3 Rc6 29. Ne2 Ne6 30. Rd5 Re8 31. Re3 Qb6 32. Kh2 Nc7 33. Rd4 Re5 34. Rb4
Rb5 35. Nd4 Rxb4 36. cxb4 Rc1 37. Nb3 Rb1 38. Qxb1 Qxe3 39. Qc1 Qxc1 40. Nxc1
Nb5 41. Ne2 Kg7 42. Kg3 Kf6 43. Kf4 g5+ 44. Ke3 Ke5 45. a4 Nc7 46. Nc3 1/2-1/2

[Event "I Festival A"]
[Site "Cortina d'Ampezzo ITA"]
[Date "2003.07.11"]
[Round "6"]
[White "Rotstein, Arkadij"]
[Black "Efimov, Igor"]
[Result "1/2-1/2"]
[WhiteElo "2544"]
[BlackElo "2479"]
[PlyCount "28"]
[EventDate "2003.07.07"]

1. d4 d5 2. c4 c6 3. Nf3 Nf6 4. Nc3 dxc4 5. a4 Bf5 6. e3 e6 7. Bxc4 Bb4 8. O-O
O-O 9. Nh4 Bg4 10. f3 Bh5 11. g4 Bg6 12. Nxg6 hxg6 13. e4 Nbd7 14. Be3 c5
1/2-1/2

[Event "I Festival A"]
[Site "Cortina d'Ampezzo ITA"]
[Date "2003.07.11"]
[Round "6"]
[White "Sulava, Nenad"]
[Black "Ventura, Sergio"]
[Result "1-0"]
[WhiteElo "2479"]
[BlackElo "2173"]
[PlyCount "45"]
[EventDate "2003.07.07"]

1. Nf3 Nf6 2. c4 c5 3. Nc3 Nc6 4. e3 e5 5. a3 h6 6. d4 e4 7. Nd2 cxd4 8. exd4
d5 9. cxd5 Nxd5 10. Ndxe4 Bf5 11. Bb5 Be7 12. O-O O-O 13. Re1 Rc8 14. Nxd5 Qxd5
15. Nc3 Qd6 16. d5 Na5 17. Qf3 Bg6 18. Bf4 Qf6 19. d6 Bxd6 20. Nd5 Qd8 21. Rad1
Bc2 22. Bxd6 Bxd1 23. Qxd1 1-0

[Event "I Festival A"]
[Site "Cortina d'Ampezzo ITA"]
[Date "2003.07.11"]
[Round "7"]
[White "Agnelli, Francesco"]
[Black "Popa, Claudiu"]
[Result "0-1"]
[WhiteElo "2102"]
[BlackElo "2148"]
[PlyCount "80"]
[EventDate "2003.07.07"]

1. e4 d5 2. exd5 Qxd5 3. Nc3 Qa5 4. Bc4 Nf6 5. d4 c6 6. Qe2 Bf5 7. Bd2 Qc7 8.
O-O-O Nbd7 9. Nf3 e6 10. Nh4 Bg6 11. Nxg6 hxg6 12. g3 O-O-O 13. Bb3 Nb6 14. Ne4
Nxe4 15. Qxe4 Nd5 16. c4 Nf6 17. Qf3 Rxd4 18. Bf4 Rxd1+ 19. Rxd1 Qa5 20. g4 g5
21. Bg3 Be7 22. Kb1 Rd8 23. Rxd8+ Bxd8 24. a3 Bc7 25. Bc2 Bxg3 26. Qxg3 Qc5 27.
Bd3 Qd4 28. Be2 e5 29. Bd3 Kc7 30. Bc2 Qf4 31. f3 Qxg3 32. hxg3 Kd6 33. b4 e4
34. f4 gxf4 35. gxf4 Nxg4 36. Bxe4 Nf2 37. Bf3 Nd3 38. c5+ Ke6 39. Bg4+ f5 40.
Bf3 Nxf4 0-1

[Event "I Festival A"]
[Site "Cortina d'Ampezzo ITA"]
[Date "2003.07.11"]
[Round "7"]
[White "Cacco, Christian"]
[Black "Sulava, Nenad"]
[Result "1/2-1/2"]
[WhiteElo "2330"]
[BlackElo "2479"]
[PlyCount "34"]
[EventDate "2003.07.07"]

1. d4 Nf6 2. Nf3 g6 3. g3 c5 4. dxc5 Qa5+ 5. c3 Qxc5 6. Bg2 Bg7 7. O-O d6 8.
Nbd2 O-O 9. e4 Nbd7 10. Nb3 Qc7 11. Re1 a6 12. a4 e5 13. Nfd2 b6 14. Nf1 Bb7
15. Qd3 Nc5 16. Nxc5 dxc5 17. c4 Rad8 1/2-1/2

[Event "I Festival A"]
[Site "Cortina d'Ampezzo ITA"]
[Date "2003.07.11"]
[Round "7"]
[White "Fabris, Alberto"]
[Black "Raineri, Valerio"]
[Result "1-0"]
[WhiteElo "2230"]
[BlackElo "2164"]
[PlyCount "205"]
[EventDate "2003.07.07"]

1. d4 Nf6 2. Nf3 g6 3. Nc3 Bg7 4. e4 d6 5. Be3 c6 6. Qd2 Qa5 7. h3 O-O 8. Rd1
e5 9. Be2 Nbd7 10. O-O Re8 11. d5 cxd5 12. Nxd5 Qxd2 13. Nxd2 Nxd5 14. exd5 f5
15. Nc4 Bf8 16. f3 Nf6 17. b3 Bd7 18. Na3 Rec8 19. c4 Be8 20. Rc1 Kg7 21. Rfd1
Be7 22. g4 f4 23. Bd2 Nd7 24. Nb5 b6 25. Nc3 a6 26. Be1 Rcb8 27. Bf2 a5 28. Rb1
g5 29. Bd3 Bg6 30. Bxg6 Kxg6 31. a3 Rb7 32. Kf1 Rc8 33. Ke2 h6 34. Rdc1 Kf7 35.
Ne4 Nc5 36. Bxc5 bxc5 37. Kd3 Rcb8 38. Kc2 Ke8 39. Re1 Kd7 40. Nc3 Bd8 41. Rb2
Bb6 42. Reb1 Bd8 43. Kd3 Bc7 44. Ke4 Bd8 45. Nb5 Rc8 46. Nc3 Rcb8 47. Kf5 Be7
48. Nb5 Rf8+ 49. Ke4 Rc8 50. Kd3 Bf6 51. Re2 Ra8 52. Nc3 Rab8 53. Kc2 Bd8 54.
Ree1 Be7 55. Rh1 Bd8 56. Nb5 Ra8 57. Rhe1 Rc8 58. Nc3 Rcb8 59. Ne4 Be7 60. Rb2
Bd8 61. Reb1 Be7 62. Kd3 Bd8 63. Kc3 Ke7 64. Kc2 Kd7 65. b4 axb4 66. axb4 Rxb4
67. Rxb4 cxb4 68. Kb3 Bb6 69. Ra1 Bc5 70. Ra5 Bd4 71. Ra6 Bc5 72. Ra4 Kc7 73.
Ra5 Bd4 74. Ra6 Bc5 75. Rc6+ Kd7 76. Nxc5+ dxc5 77. Rxc5 e4 78. fxe4 f3 79. Ra5
Kd6 80. c5+ Ke5 81. Ra1 Rf8 82. c6 Kxe4 83. Rd1 f2 84. d6 f1=Q 85. Rxf1 Rxf1
86. d7 Rd1 87. c7 Rxd7 88. c8=Q Rd3+ 89. Kxb4 Rxh3 90. Qf5+ Ke3 91. Kc5 Rf3 92.
Qe6+ Kf4 93. Qf5+ Kg3 94. Qg6 Kxg4 95. Qxh6 Rf4 96. Kd5 Rf3 97. Qh1 Rf5+ 98.
Ke4 Rf4+ 99. Ke5 Rf3 100. Qg2+ Rg3 101. Qe4+ Kh3 102. Kf5 g4 103. Qh1# 1-0

[Event "I Festival A"]
[Site "Cortina d'Ampezzo ITA"]
[Date "2003.07.11"]
[Round "7"]
[White "Facchetti, Gianni"]
[Black "Navarro, Stefano"]
[Result "1-0"]
[WhiteElo "2143"]
[BlackElo "2125"]
[PlyCount "89"]
[EventDate "2003.07.07"]

1. e4 e5 2. Nf3 Nc6 3. Be2 Nf6 4. Nc3 Bb4 5. Nd5 Ba5 6. Nxf6+ Qxf6 7. c3 d6 8.
d3 O-O 9. O-O Bb6 10. Be3 Qe7 11. Bxb6 axb6 12. Nd2 f5 13. exf5 Bxf5 14. Ne4 d5
15. Ng3 Be6 16. a3 Qh4 17. f3 Rf6 18. Rf2 Raf8 19. Qc2 Ne7 20. Re1 Ng6 21. Bd1
Qg5 22. Kh1 Nf4 23. Ne2 Rh6 24. Nxf4 Qxf4 25. h3 Rff6 26. Qe2 Bxh3 27. Qxe5
Be6+ 28. Kg1 Qh4 29. Kf1 Bf7 30. Rfe2 Rhg6 31. Kg1 Qg5 32. Qxc7 h6 33. d4 Be6
34. Qd8+ Kh7 35. Bc2 Bf5 36. Qxd5 Bxc2 37. Qxg5 Rxg5 38. Rxc2 Rxf3 39. Rf2 Rxf2
40. Kxf2 Rf5+ 41. Kg1 Rg5 42. b4 Rg4 43. Re3 Kg8 44. Re8+ Kf7 45. Rb8 1-0

[Event "I Festival A"]
[Site "Cortina d'Ampezzo ITA"]
[Date "2003.07.11"]
[Round "7"]
[White "Fregonese, Giulio"]
[Black "Bonafede, Alessandro"]
[Result "1-0"]
[WhiteElo "2136"]
[BlackElo "2098"]
[PlyCount "43"]
[EventDate "2003.07.07"]

1. e4 c5 2. c3 d6 3. Nf3 Nf6 4. Be2 Nc6 5. d3 g6 6. a4 Bg7 7. O-O O-O 8. Na3
Rb8 9. Bf4 a6 10. Qd2 Na5 11. Rab1 c4 12. h3 cxd3 13. Bxd3 Nb3 14. Qe2 Nc5 15.
Bc2 Bd7 16. Rfd1 Nh5 17. Bh2 Bh6 18. e5 Nf4 19. Bxf4 Bxf4 20. Qc4 Bh6 21. exd6
Rc8 22. Qh4 1-0

[Event "I Festival A"]
[Site "Cortina d'Ampezzo ITA"]
[Date "2003.07.11"]
[Round "7"]
[White "Rombaldoni, Denis"]
[Black "Gosio, Denis"]
[Result "0-1"]
[WhiteElo "2064"]
[BlackElo "2160"]
[PlyCount "98"]
[EventDate "2003.07.07"]

1. d4 Nf6 2. c4 e6 3. Nf3 b6 4. a3 Bb7 5. Nc3 d5 6. e3 Be7 7. Be2 O-O 8. O-O c5
9. b3 Nbd7 10. Bb2 a6 11. Rc1 Rc8 12. Bd3 Qc7 13. Qe2 dxc4 14. bxc4 Bd6 15. h3
Rfe8 16. Nd2 Qb8 17. f4 cxd4 18. Nce4 Nxe4 19. Nxe4 Bxe4 20. Bxe4 f5 21. Bb1
dxe3 22. g4 Bc5 23. gxf5 exf5 24. Bxf5 Rcd8 25. Rcd1 Nf8 26. Rd5 Rxd5 27. cxd5
Qd6 28. Kh2 Qxd5 29. Rg1 Re7 30. Qg4 g6 31. Bb1 e2 32. Re1 Qc4 33. Qf3 Re3 34.
Qg4 Bd6 35. Be5 Bxe5 36. fxe5 Qxg4 37. hxg4 Rxe5 38. Bd3 a5 39. Bxe2 Kg7 40.
Kg3 Ne6 41. Kf2 Nd4 42. Bd3 Rxe1 43. Kxe1 Kf6 44. Kf2 Ke5 45. Kg3 b5 46. Bf1 b4
47. axb4 axb4 48. Bd3 b3 49. Kh4 Kf4 0-1

[Event "I Festival A"]
[Site "Cortina d'Ampezzo ITA"]
[Date "2003.07.11"]
[Round "7"]
[White "Ventura, Sergio"]
[Black "Rotstein, Arkadij"]
[Result "0-1"]
[WhiteElo "2173"]
[BlackElo "2544"]
[PlyCount "62"]
[EventDate "2003.07.07"]

1. Nf3 c5 2. c4 Nf6 3. Nc3 e6 4. d4 cxd4 5. Nxd4 a6 6. g3 Qc7 7. Qd3 Nc6 8.
Nxc6 Qxc6 9. f3 b6 10. Bg2 Bb7 11. Bg5 Rc8 12. Bxf6 gxf6 13. Rd1 Rc7 14. Ne4
Bb4+ 15. Kf2 Qxc4 16. Nxf6+ Ke7 17. Qxc4 Rxc4 18. Nxd7 Rd8 19. a3 Bd6 20. Rxd6
Kxd6 21. Nxb6 Rc2 22. b3 Ke7 23. Nc4 Bc6 24. Re1 Bb5 25. Ne3 Rb2 26. a4 Be8 27.
f4 Rxb3 28. Be4 Bxa4 29. Bxh7 Rh8 30. Ra1 Bb5 31. Bc2 Rxh2+ 0-1

[Event "I Festival A"]
[Site "Cortina d'Ampezzo ITA"]
[Date "2003.07.12"]
[Round "8"]
[White "Agnelli, Francesco"]
[Black "Fregonese, Giulio"]
[Result "1-0"]
[WhiteElo "2102"]
[BlackElo "2136"]
[PlyCount "31"]
[EventDate "2003.07.07"]

1. e4 e5 2. Nf3 Nc6 3. Bb5 a6 4. Ba4 f5 5. d4 fxe4 6. Nxe5 Nf6 7. Bg5 Bd6 8.
Nc4 Be7 9. Bb3 d6 10. Ne3 Nd7 11. Nf5 Nf6 12. Nxg7+ Kf8 13. Bh6 Qd7 14. Be6 Qd8
15. Nh5+ Ke8 16. Nxf6+ 1-0

[Event "I Festival A"]
[Site "Cortina d'Ampezzo ITA"]
[Date "2003.07.12"]
[Round "8"]
[White "Barlocco, Carlo"]
[Black "Navarro, Stefano"]
[Result "0-1"]
[WhiteElo "2150"]
[BlackElo "2125"]
[PlyCount "48"]
[EventDate "2003.07.07"]

1. Nf3 d5 2. d4 Nf6 3. g3 e6 4. c4 c6 5. Qc2 Nbd7 6. Bg2 Bd6 7. O-O O-O 8. b3
Re8 9. Nc3 a6 10. Bb2 Qc7 11. Rac1 b6 12. Nd2 Bb7 13. Qb1 c5 14. cxd5 Nxd5 15.
Na4 Bc6 16. dxc5 Nxc5 17. e4 Ne7 18. Nxc5 Bxc5 19. Nc4 Ng6 20. h4 Qxg3 21. Rc3
Qxh4 22. Nxb6 Nf4 23. Qc2 Qg4 24. Rg3 Qxg3 0-1

[Event "I Festival A"]
[Site "Cortina d'Ampezzo ITA"]
[Date "2003.07.12"]
[Round "8"]
[White "Bonafede, Alessandro"]
[Black "Rombaldoni, Denis"]
[Result "1/2-1/2"]
[WhiteElo "2098"]
[BlackElo "2064"]
[PlyCount "35"]
[EventDate "2003.07.07"]

1. e4 e5 2. Nf3 Nc6 3. Bb5 a6 4. Ba4 Nf6 5. O-O Be7 6. Re1 b5 7. Bb3 O-O 8. h3
d6 9. c3 Bb7 10. d4 Re8 11. Nbd2 Bf8 12. Bc2 Na5 13. dxe5 dxe5 14. Qe2 c5 15.
Nf1 Qb6 16. N1h2 Rad8 17. Ng4 Nxg4 18. hxg4 1/2-1/2

[Event "I Festival A"]
[Site "Cortina d'Ampezzo ITA"]
[Date "2003.07.12"]
[Round "8"]
[White "Cacco, Christian"]
[Black "Ivanov, Mikhail M."]
[Result "1-0"]
[WhiteElo "2330"]
[BlackElo "2406"]
[PlyCount "151"]
[EventDate "2003.07.07"]

1. d4 Nf6 2. Nf3 g6 3. g3 c5 4. c4 cxd4 5. Nxd4 Qc7 6. b3 b6 7. Bf4 Qb7 8. Rg1
Bg7 9. Bg2 Ne4 10. Nd2 d5 11. Nxe4 dxe4 12. Nb5 O-O 13. Rc1 Nd7 14. Nc7 e5 15.
Nxa8 exf4 16. Qd5 f3 17. Bh3 Ne5 18. Qxb7 Bxb7 19. Nc7 Bh6 20. Rd1 f5 21. e3
Nd3+ 22. Rxd3 exd3 23. Kd2 Be4 24. Rd1 Rc8 25. Ne6 b5 26. Rc1 Kf7 27. Nd4 Bf8
28. Nxb5 Bb4+ 29. Nc3 Rd8 30. Bf1 a5 31. Ra1 a4 32. a3 Bxc3+ 33. Kxc3 axb3 34.
Kxb3 Ke6 35. Kc3 g5 36. Rc1 Kd6 37. Kd2 Kc5 38. Rc3 Rb8 39. Bxd3 Rb2+ 40. Rc2
Rb3 41. Rc3 Rb2+ 42. Rc2 Rb1 43. Kc3 Bxd3 44. Kxd3 Ra1 45. g4 fxg4 46. Rb2 h6
47. Rb5+ Kc6 48. Rf5 Rxa3+ 49. Ke4 Ra2 50. Rf6+ Kc5 51. h3 g3 52. fxg3 f2 53.
Kd3 h5 54. g4 h4 55. Rf5+ Kc6 56. e4 Ra3+ 57. Ke2 Rxh3 58. Kxf2 Rg3 59. Rxg5
Kd6 60. Rh5 Rxg4 61. Ke3 Rg3+ 62. Kd4 h3 63. Rh6+ Kd7 64. Kd5 Rd3+ 65. Ke5 Rc3
66. Kd4 Rg3 67. c5 Kc7 68. Kd5 Rd3+ 69. Ke6 Kc6 70. Ke7+ Kxc5 71. e5 Re3 72. e6
Kd5 73. Kd7 Ke5 74. e7 Kf4 75. Rxh3 Rxh3 76. e8=Q 1-0

[Event "I Festival A"]
[Site "Cortina d'Ampezzo ITA"]
[Date "2003.07.12"]
[Round "8"]
[White "Drasko, Milan"]
[Black "Efimov, Igor"]
[Result "1/2-1/2"]
[WhiteElo "2491"]
[BlackElo "2479"]
[PlyCount "23"]
[EventDate "2003.07.07"]

1. Nf3 Nf6 2. g3 b6 3. Bg2 Bb7 4. c4 e6 5. O-O c5 6. Nc3 Be7 7. b3 O-O 8. Bb2
Nc6 9. e3 d5 10. cxd5 Nxd5 11. Nxd5 exd5 12. d4 1/2-1/2

[Event "I Festival A"]
[Site "Cortina d'Ampezzo ITA"]
[Date "2003.07.12"]
[Round "8"]
[White "Facchetti, Gianni"]
[Black "Ventura, Sergio"]
[Result "1-0"]
[WhiteElo "2143"]
[BlackElo "2173"]
[PlyCount "139"]
[EventDate "2003.07.07"]

1. e4 Nc6 2. d4 e5 3. Nf3 exd4 4. Bc4 d6 5. c3 Qe7 6. cxd4 Qxe4+ 7. Be3 Be7 8.
Nc3 Qg6 9. Nd5 Bd8 10. Nf4 Qf5 11. O-O Nf6 12. d5 Ne5 13. Nd4 Qg4 14. Bb5+ Nfd7
15. f3 Qg5 16. Re1 Qf6 17. Nh5 Qg6 18. f4 Ng4 19. Bf2+ Kf8 20. Qe2 Nde5 21. Ng3
Bh4 22. fxe5 Nxe5 23. Nf3 Bf6 24. Nxe5 Bxe5 25. Bd3 Qg5 26. Rac1 Bg4 27. Qe4 h5
28. Be3 Qh4 29. Bf4 Re8 30. Bxe5 Rxe5 31. Qf4 Qe7 32. Rxe5 dxe5 33. Qc4 Qg5 34.
Nf1 Bf3 35. Rc2 g6 36. Be4 Bd1 37. Rd2 Bg4 38. Qxc7 h4 39. d6 Kg7 40. d7 Rd8
41. Qxb7 h3 42. Qxa7 f5 43. Bc6 f4 44. Qb7 Qe7 45. a4 Bf5 46. gxh3 e4 47. Qb6
Qg5+ 48. Kh1 e3 49. Qd4+ Kh7 50. Re2 Qh5 51. Ng3 Bxd7 52. Bxd7 Qf3+ 53. Rg2
fxg3 54. hxg3 e2 55. Qh4+ Kg7 56. Qe7+ Qf7 57. Qxf7+ Kxf7 58. Rxe2 Rxd7 59. b4
Rd4 60. Rb2 Ke6 61. a5 Kd5 62. a6 Kc6 63. Ra2 Rd8 64. Kg2 Ra8 65. a7 Kb6 66.
Kf3 Kb7 67. Kg4 Re8 68. a8=Q+ Rxa8 69. Rxa8 Kxa8 70. Kg5 1-0

[Event "I Festival A"]
[Site "Cortina d'Ampezzo ITA"]
[Date "2003.07.12"]
[Round "8"]
[White "Genocchio, Daniele"]
[Black "Lain, Luigi"]
[Result "1-0"]
[WhiteElo "2352"]
[BlackElo "2261"]
[PlyCount "63"]
[EventDate "2003.07.07"]

1. f4 d5 2. Nf3 c5 3. e3 a6 4. c4 e6 5. b3 Nc6 6. Bb2 Nf6 7. Be2 Be7 8. O-O O-O
9. Ne5 Qc7 10. d3 Nd7 11. Nxc6 Qxc6 12. Nd2 Bf6 13. Qc2 b6 14. Rf3 Bxb2 15.
Qxb2 Bb7 16. Rg3 f6 17. cxd5 exd5 18. Nf3 Rae8 19. Nh4 Kh8 20. Bh5 Re6 21. Bg4
Re7 22. Rh3 Kg8 23. Nf5 Ref7 24. Qf2 Re8 25. Bh5 Nf8 26. Qg3 g6 27. Nh6+ Kg7
28. f5 Kxh6 29. fxg6 hxg6 30. Bxg6+ Kg7 31. Bf5+ Ng6 32. Bxg6 1-0

[Event "I Festival A"]
[Site "Cortina d'Ampezzo ITA"]
[Date "2003.07.12"]
[Round "8"]
[White "Popa, Claudiu"]
[Black "Rotstein, Arkadij"]
[Result "0-1"]
[WhiteElo "2148"]
[BlackElo "2544"]
[PlyCount "106"]
[EventDate "2003.07.07"]

1. e4 c5 2. c3 Nf6 3. e5 Nd5 4. d4 cxd4 5. cxd4 d6 6. Nf3 e6 7. Bc4 Nb6 8. Bb5+
Bd7 9. Nc3 Bxb5 10. Nxb5 dxe5 11. dxe5 Qxd1+ 12. Kxd1 Nd5 13. Bd2 Nc6 14. Ke2
Be7 15. Rac1 O-O 16. Nbd4 Nxd4+ 17. Nxd4 Rad8 18. Rhd1 Rd7 19. f4 Bd8 20. g3
Bb6 21. Nb3 Rfd8 22. Ba5 Bxa5 23. Nxa5 h6 24. Nb3 b6 25. a3 g5 26. fxg5 hxg5
27. Kf3 Kg7 28. h4 Kg6 29. hxg5 Ne7 30. Rxd7 Rxd7 31. Ke4 Nf5 32. Rg1 Kxg5 33.
g4 Nh4 34. Rf1 Kxg4 35. Nd4 Kg3 36. Rh1 Ng6 37. Rg1+ Kf2 38. Rc1 Rd5 39. Rc2+
Kg3 40. Nc6 a5 41. Rc3+ Kg4 42. a4 Rd1 43. Rb3 Re1+ 44. Kd4 Kf4 45. Rxb6 Nxe5
46. Nxe5 Rxe5 47. Kc4 f5 48. Rb5 Ke4 49. b4 axb4 50. Kxb4 f4 51. Rb8 f3 52. Rh8
f2 53. Rh1 Kf3 0-1

[Event "I Festival A"]
[Site "Cortina d'Ampezzo ITA"]
[Date "2003.07.12"]
[Round "8"]
[White "Raineri, Valerio"]
[Black "Gosio, Denis"]
[Result "1-0"]
[WhiteElo "2164"]
[BlackElo "2160"]
[PlyCount "41"]
[EventDate "2003.07.07"]

1. e4 c5 2. Nf3 e6 3. d4 cxd4 4. Nxd4 Nf6 5. Nc3 d6 6. Be3 Nc6 7. f3 Be7 8. Qd2
a6 9. O-O-O O-O 10. g4 Nd7 11. h4 Nxd4 12. Bxd4 b5 13. Kb1 b4 14. Ne2 a5 15.
Ng3 Bb7 16. g5 d5 17. Bh3 Ra6 18. Bf1 Ra8 19. Bb5 Nc5 20. Nh5 dxe4 21. Qf4 1-0

[Event "I Festival A"]
[Site "Cortina d'Ampezzo ITA"]
[Date "2003.07.12"]
[Round "8"]
[White "Sulava, Nenad"]
[Black "Fabris, Alberto"]
[Result "1-0"]
[WhiteElo "2479"]
[BlackElo "2230"]
[PlyCount "101"]
[EventDate "2003.07.07"]

1. d4 Nf6 2. Nf3 e6 3. c4 b6 4. e3 Bb7 5. Bd3 Be7 6. O-O O-O 7. Nc3 d5 8. b3
Nbd7 9. Bb2 c5 10. Qe2 Rc8 11. cxd5 exd5 12. Bf5 Qc7 13. Ne5 Rcd8 14. Nb5 Qb8
15. Nxd7 Nxd7 16. dxc5 Nxc5 17. Bxg7 Kxg7 18. Qg4+ Kf6 19. Nd4 Rg8 20. Qh4+ Kg7
21. Qxe7 Qd6 22. Qxd6 Rxd6 23. b4 Na6 24. a3 h6 25. Rfc1 Kf6 26. Rc3 Rdd8 27.
Rac1 Rge8 28. f4 Re7 29. Kf2 Ree8 30. g4 Rg8 31. h4 Rh8 32. Bd3 Rc8 33. Bxa6
Bxa6 34. Rc6+ Ke7 35. Nf5+ Kd7 36. Rd6+ Ke8 37. Rxc8+ Bxc8 38. Rxd5 Bxf5 39.
Rxf5 Ke7 40. a4 Rc8 41. a5 bxa5 42. Rxa5 Rc7 43. Ra6 Rb7 44. Rxh6 Rxb4 45. Ra6
Rb7 46. g5 Kf8 47. h5 Kg7 48. Kf3 Rc7 49. e4 Rb7 50. Kg4 Rc7 51. Kf5 1-0

[Event "I Festival A"]
[Site "Cortina d'Ampezzo ITA"]
[Date "2003.07.13"]
[Round "9"]
[White "Drasko, Milan"]
[Black "Sulava, Nenad"]
[Result "1/2-1/2"]
[WhiteElo "2491"]
[BlackElo "2479"]
[PlyCount "21"]
[EventDate "2003.07.07"]

1. d4 e6 2. c4 Nf6 3. Nf3 b6 4. g3 Bb7 5. Bg2 Be7 6. O-O O-O 7. Nc3 Ne4 8. Nxe4
Bxe4 9. Ne1 Bxg2 10. Nxg2 d5 11. cxd5 1/2-1/2

[Event "I Festival A"]
[Site "Cortina d'Ampezzo ITA"]
[Date "2003.07.13"]
[Round "9"]
[White "Efimov, Igor"]
[Black "Facchetti, Gianni"]
[Result "1-0"]
[WhiteElo "2479"]
[BlackElo "2143"]
[PlyCount "109"]
[EventDate "2003.07.07"]

1. d4 Nf6 2. Nf3 d6 3. c4 Nbd7 4. Nc3 e5 5. e4 Be7 6. Be2 c6 7. O-O Qc7 8. Re1
O-O 9. Rb1 Re8 10. b4 b6 11. Bf1 h6 12. h3 Bb7 13. a3 a5 14. b5 c5 15. dxe5
dxe5 16. Nd5 Nxd5 17. cxd5 Rad8 18. Bb2 Bc8 19. Bc4 Bd6 20. Nh4 Nf8 21. Qh5 Qe7
22. f4 Kh7 23. fxe5 Bxe5 24. Bxe5 Qxe5 25. Qxe5 Rxe5 26. Nf3 Re7 27. e5 Bb7 28.
d6 Red7 29. Nd2 Rb8 30. Bd3+ g6 31. Be4 Bxe4 32. Rxe4 Ne6 33. Nc4 Kg7 34. Rf1
Rdb7 35. a4 Rd8 36. Kf2 Re8 37. Ke2 Rd8 38. Re3 Rf8 39. Kd3 Rc8 40. Ke4 Rf8 41.
Kd5 Nd8 42. Rf6 Re8 43. Ref3 Kg8 44. g4 Kg7 45. h4 Kg8 46. h5 gxh5 47. gxh5 Kg7
48. Ne3 Re6 49. Nf5+ Kf8 50. Nxh6 Rxf6 51. Rxf6 Kg7 52. Nf5+ Kg8 53. Ne7+ Kf8
54. h6 Ne6 55. h7 1-0

[Event "I Festival A"]
[Site "Cortina d'Ampezzo ITA"]
[Date "2003.07.13"]
[Round "9"]
[White "Ivanov, Mikhail M."]
[Black "Fabris, Alberto"]
[Result "1-0"]
[WhiteElo "2406"]
[BlackElo "2230"]
[PlyCount "119"]
[EventDate "2003.07.07"]

1. d4 Nf6 2. c4 g6 3. Nc3 Bg7 4. e4 d6 5. Nge2 O-O 6. Ng3 e5 7. d5 a5 8. Be2
Nbd7 9. h4 h5 10. Bg5 Nc5 11. Qd2 Qe8 12. Bh6 Ng4 13. Bxg7 Kxg7 14. f3 Nh6 15.
O-O-O Qe7 16. Bd3 Bd7 17. Nf1 f5 18. Ng3 f4 19. Nge2 Kh7 20. Rdg1 Rf6 21. Kb1
b6 22. Bc2 Qe8 23. g3 fxg3 24. Rxg3 Qf7 25. Ng1 Rf8 26. Bd1 Qe7 27. Kc2 Ng8 28.
Qg2 Qg7 29. Nh3 Bxh3 30. Qxh3 Qd7 31. Qxd7+ Nxd7 32. Be2 Nc5 33. Nb5 Na6 34. a3
R8f7 35. Nc3 Rf4 36. b3 Nf6 37. Nd1 Kh6 38. Ne3 Ne8 39. Kc3 Kh7 40. b4 Kh6 41.
c5 dxc5 42. Bxa6 axb4+ 43. axb4 Rxf3 44. Rhg1 cxb4+ 45. Kxb4 Rxg3 46. Rxg3 Rf4
47. Bd3 Rxh4 48. Nc4 Nf6 49. Re3 Rf4 50. Kb5 Ng4 51. Re1 h4 52. Kc6 h3 53. Kxc7
Nf2 54. Nxe5 h2 55. d6 h1=Q 56. Rxh1+ Nxh1 57. d7 Rf8 58. Ng4+ Kg7 59. e5 Kf7
60. Kd6 1-0

[Event "I Festival A"]
[Site "Cortina d'Ampezzo ITA"]
[Date "2003.07.13"]
[Round "9"]
[White "Lain, Luigi"]
[Black "Bonafede, Alessandro"]
[Result "0-1"]
[WhiteElo "2261"]
[BlackElo "2098"]
[PlyCount "66"]
[EventDate "2003.07.07"]

1. d4 Nf6 2. c4 e6 3. Nc3 c5 4. d5 exd5 5. cxd5 d6 6. e4 g6 7. f4 Bg7 8. Nf3
O-O 9. Be2 Re8 10. Nd2 Na6 11. O-O c4 12. Bxc4 Ng4 13. Qf3 Bd4+ 14. Kh1 Qh4 15.
h3 Ne3 16. Nb3 Nxf1 17. Nxd4 Ng3+ 18. Kh2 Nh5 19. Bb5 Rf8 20. Be3 Qe7 21. g4
Ng7 22. Bxa6 bxa6 23. Nc6 Qc7 24. e5 dxe5 25. fxe5 Bb7 26. Bh6 f6 27. Ne4 Bxc6
28. dxc6 Qxe5+ 29. Kh1 Rae8 30. Nc3 f5 31. Rd1 fxg4 32. Qxg4 Rf2 33. Qc4+ Ne6
0-1

[Event "I Festival A"]
[Site "Cortina d'Ampezzo ITA"]
[Date "2003.07.13"]
[Round "9"]
[White "Rombaldoni, Denis"]
[Black "Fregonese, Giulio"]
[Result "0-1"]
[WhiteElo "2064"]
[BlackElo "2136"]
[PlyCount "146"]
[EventDate "2003.07.07"]

1. d4 Nf6 2. c4 g6 3. Nc3 d5 4. Nf3 Bg7 5. Bg5 Ne4 6. cxd5 Nxc3 7. bxc3 Qxd5 8.
e3 Nc6 9. Qb3 Qxb3 10. axb3 Bd7 11. Bd3 e5 12. Nd2 f5 13. f3 h6 14. Bh4 g5 15.
Bf2 Ne7 16. h4 Nd5 17. Rc1 exd4 18. cxd4 O-O-O 19. Nc4 Kb8 20. hxg5 hxg5 21.
Kd2 Nb4 22. e4 Be6 23. Rxh8 Bxh8 24. exf5 Nxd3 25. Kxd3 Bxf5+ 26. Kc3 a6 27.
Bg3 Bxd4+ 28. Kb4 Rd5 29. Bxc7+ Kxc7 30. Ne3+ Kd6 31. Nxd5 Kxd5 32. Rc7 b6 33.
Ra7 a5+ 34. Ka3 Kc6 35. Ra8 Kd5 36. Rd8+ Ke5 37. Ka2 Be6 38. Ka3 Bc5+ 39. Kb2
Kf4 40. Re8 Bd7 41. Rd8 Bb5 42. Rd5 Bc6 43. g3+ Kxg3 44. Rxg5+ Kxf3 45. Rh5 Ke3
46. Rh4 Kd3 47. Rh3+ Kd4 48. Rh4+ Be4 49. Rg4 Kd3 50. Rh4 Kd4 51. Rg4 Bd6 52.
Rh4 Bb4 53. Rh6 Kc5 54. Rh5+ Bd5 55. Rg5 Bd2 56. Rf5 Bh6 57. Rh5 Bg7+ 58. Ka3
Bd4 59. Rg5 Be3 60. Rf5 b5 61. Rf8 Bc1+ 62. Ka2 Kb4 63. Kb1 Ba3 64. Rf4+ Kxb3
65. Rf2 Be4+ 66. Ka1 Bd6 67. Rf5 Kc4 68. Rh5 Bc5 69. Rg5 Bd4+ 70. Ka2 Bc2 71.
Rg8 Bb3+ 72. Kb1 a4 73. Ra8 Kb4 0-1